Normal view
MARC view
Entry Nombre personal
001 - NÚMERO DE CONTROL
- campo de control: 81408
003 - IDENTIFICADOR DEL NÚMERO DE CONTROL
- campo de control: DO-SdBNP
005 - FECHA Y HORA DE LA ÚLTIMA TRANSACCIÓN
- campo de control: 20220404120909.0
008 - DATOS DE LONGITUD FIJA
- campo de control de longitud fija: 220404|| aca||aabn | a|a d
040 ## - FUENTE DE LA CATALOGACIÓN
- Centro catalogador/agencia de origen: DO-SdBNP
- Centro/agencia transcriptor: DO-SdBNP
100 ## - ENCABEZAMIENTO-NOMBRE DE PERSONA
- Nombre de persona: Garabato
670 ## - FUENTE DE DATOS ENCONTRADOS
- Cita de la fuente: Work cat.: (DO-SdBNP)3097: Moreno Ceballos, Nelson 7200, Sociología de la dependencia y el subdesarrollo /, 1983.
